Krisna-völgy, mint Magyarország egyik jelentős turisztikai desztinációja

Bibliographic Details
Main Author: Sárga Laura
Other Authors: Remenyik Dr. Bulcsú
Format: Thesis
Kulcsszavak:Krisna-völgy
Krisna vallás
Somogyvámos
Hinduizmus
vallás
Online Access:http://dolgozattar.uni-bge.hu/23112

MARC

LEADER 00000nta a2200000 i 4500
001 dolg23112
005 20200227134334.0
008 191121suuuu hu om 000 hun d
040 |a BGE Dolgozattár Repozitórium  |b hun 
041 |a hu 
100 1 |a Sárga Laura 
245 1 0 |a Krisna-völgy, mint Magyarország egyik jelentős turisztikai desztinációja  |c Sárga Laura  |h [elektronikus dokumentum] 
246 1 1 |a Krisna-völgy, mint Magyarország egyik jelentős turisztikai desztinációja 
695 |a Krisna-völgy 
695 |a Krisna vallás 
695 |a Somogyvámos 
695 |a Hinduizmus 
695 |a vallás 
700 1 |a Remenyik Dr. Bulcsú  |e ths 
856 4 0 |u http://dolgozattar.uni-bge.hu/23112/1/Krisna-v%C3%B6lgy%2C%20mint%20Magyarorsz%C3%A1g%20egyik%20jelent%C5%91s%20turisztikai%20desztin%C3%A1ci%C3%B3ja.pdf  |z Dokumentum-elérés